000 00610nam a22002297a 4500
003 UA-OsUOA
001 95079
007 ta
008 20130225b un ||||| |||| 00| 0 ukr d
100 _aИвашкевич Я.
090 _a821.162.1
_bИ24
942 _cBK
040 _aUA-OsUOA
_brus
_cUA-OsUOA
_dUA-OsUOA
245 _aКрасные щиты
_bроман
300 _a398 с.
955 _a3
041 _arus
080 _a821.162.1
260 _aМ.
_bХудож. литература
_c1968
650 7 _a82 Література. Літературознавство
_2UDC
999 _c381324
_d381324